000 00552nam a22001817a 4500
008 151012b xxu||||| |||| 00| 0 eng d
020 _a0130889016
041 0 _aeng
080 _a004.43
100 1 _aGraves, Mark.
245 1 0 _aDesigning XML databases /
_cMark Graves.
260 _aUpper Saddle River, NJ :
_bPrentice Hall PTR,
_c2002.
300 _axx, 655 f. :
_bme il.;
_c24 cm. +
_e1 computer optical disc (4 3/4 in.)
650 0 _aXML (Document markup language)
650 0 _aMenaxhimi
650 0 _aBaza e të të dhënave
942 _2udc
_cBK
999 _c1258
_d1258